[Event "Challenge"]
[Site "http://www.queenalice.com/game.php?id=400095"]
[Date "2008.5.8"]
[Round "-"]
[White "ORNELAS"]
[Black "Cayo"]
[Result "1-0"]
[WhiteElo "1472"]
[BlackElo "1062"]

1. d4 d5 2. c3 a5 3. Nf3 a4 4. a3 h6 5. b4 axb3 6. Nbd2 Bd7 7. Nxb3 Ba4 8. Rb1
g5 9. Ne5 b6 10. Qd3 e6 11. Qf3 Nf6 12. g3 Nc6 13. Nxc6 Bxc6 14. Bg2 Ne4 15. O-O
h5 16. Qe3 Ra4 17. Nd2 Qf6 18. Nxe4 dxe4 19. Bb2 h4 20. h3 Bxa3 21. Bxa3 Rxa3
22. Ra1 Rb3 23. Ra7 Kd7 24. g4 b5 25. Rfa1 b4 26. Rc1 e5 27. Qd2 Bd5 28. Ra5 Kd6
29. e3 Rb8 30. Ra6+ c6 31. cxb4 Rd3 32. Qc2 Rc8 33. b5 Kc7 34. Qb2 Kb7 35. Ra5
Kb6 36. Bf1 Rb3 37. Qa1 cxb5 38. Ra6+ Kb7 39. Rxf6 Rbc3 40. Rxc3 Rxc3 41. Qa6+
Kc7 42. Qb6+ Kd7 43. Qd6+ Ke8 44. Rh6 Rc6 45. Qb8+ Kd7 46. Bxb5 f6 47. Bxc6+
Bxc6 48. Rh7+ Ke6 49. dxe5 fxe5 50. Rh6+ Kd5 51. Qd6+ Kc4 52. Qxc6+ Kd3 53. Rd6+
Ke2 54. Qc2+ Kf3 55. Rf6# 1-0

[Event "Challenge"]
[Site "http://www.queenalice.com/game.php?id=400552"]
[Date "2008.5.9"]
[Round "-"]
[White "Cayo"]
[Black "Aldino"]
[Result "1/2-1/2"]
[WhiteElo "1123"]
[BlackElo "1567"]

1. e4 e5 2. Nf3 d6 3. c4 Nf6 4. d3 c6 5. Nc3 Bd7 6. h3 Be7 7. g4 h6 8. Na4 c5 9.
Qb3 Bc6 10. Qa3 Qa5+ 11. Nc3 Qxa3 12. bxa3 Bd8 13. Nb5 Bxb5 14. cxb5 a6 15. a4
axb5 16. axb5 Ra5 17. a4 Nfd7 18. Nd2 Nb6 19. Nc4 Nxc4 20. dxc4 Nd7 21. Bd2 Ra8
22. h4 Ba5 23. g5 Bxd2+ 24. Kxd2 Nb6 25. a5 Nd7 26. b6 Ke7 27. Bh3 Nb8 28. f4
Nc6 29. f5 hxg5 30. hxg5 f6 31. g6 Rxa5 32. Rxa5 Nxa5 33. Kc3 Nc6 34. Bg2 Rxh1
35. Bxh1 Na5 36. Bf3 Kd7 37. Bd1 Kc8 38. Bb3 Nc6 39. Ba4 Ne7 40. Kb3 Kd8 41. Bb5
Nc8 42. Ba6 Nxb6 43. Bxb7 Kc7 44. Bd5 Kb8 45. Kc3 Ka7 46. Kd3 Ka6 47. Bc6 Ka5
48. Kc3 Na4+ 49. Kb3 Nb6 50. Bb5 Nc8 51. Bd7 Ne7 52. Be6 Nc6 53. Bd5 Nd4+ 54.
Ka3 Nc2+ 55. Kb3 Nb4 56. Be6 Nc6 57. Bd7 Nd4+ 58. Ka3 Nf3 59. Bb5 Nd2 60. Bc6
Nxc4+ 61. Kb3 Nb6 62. Ka3 Ka6 63. Kb3 Nc8 64. Kc4 Ne7 65. Bb5+ Kb6 66. Ba4 Ka5
67. Bb5 Kb6 68. Ba4 Ka6 69. Bb5+ Kb6 70. Ba4 1/2-1/2

[Event "AUTO-BEG-217"]
[Site "http://www.queenalice.com/game.php?id=401212"]
[Date "2008.5.11"]
[Round "1"]
[White "andorei"]
[Black "Cayo"]
[Result "0-1"]
[WhiteElo "1179"]
[BlackElo "1150"]

1. d4 f5 2. f4 Nc6 3. e3 Nf6 4. c3 Ne4 5. Qh5+ g6 6. Qh4 h5 7. d5 Na5 8. b4 c5
9. bxc5 Nxc5 10. Ba3 d6 11. Bb5+ Kf7 12. Nf3 Ne4 13. Rf1 Bh6 14. c4 a6 15. Ba4
Nxc4 16. Bc1 Qa5+ 17. Kd1 Qxa4+ 18. Ke1 Qb4+ 19. Kd1 Nb2+ 20. Bxb2 Qxb2 21. Qe1
Qxa1 22. Ke2 Qxa2+ 23. Nbd2 Nc3+ 24. Kf2 Ne4+ 25. Kg1 Bd7 26. Nb1 Rhc8 27. g3
Bb5 28. h3 Be2 29. Nh2 Qb2 30. g4 Rc1 31. Qxc1 Qxc1 32. Rxc1 fxg4 33. hxg4 hxg4
34. Nc3 Bd3 35. Nxg4 Bg7 36. Na4 b5 37. Nb2 Bxb2 38. Rd1 Be2 39. Re1 Bxg4 40.
Rf1 Ng3 41. Rf2 Bc1 42. Rg2 Bxe3+ 43. Kh2 Bxf4 44. Rf2 Rh8+ 45. Kg1 Rh1+ 46. Kg2
g5 47. Rxf4+ gxf4 48. Kf2 b4 49. Kg2 b3 50. Kf2 b2 51. Kg2 b1=Q 52. Kf2 Qc2# 0-1

[Event "AUTO-BEG-217"]
[Site "http://www.queenalice.com/game.php?id=401213"]
[Date "2008.5.11"]
[Round "1"]
[White "Cayo"]
[Black "andorei"]
[Result "1-0"]
[WhiteElo "1104"]
[BlackElo "1169"]

1. e4 e5 2. Nf3 Nc6 3. a3 Nf6 4. d3 Ne7 5. Nxe5 d6 6. Nc4 b5 7. Na5 c5 8. Bd2 d5
9. e5 Nfg8 10. a4 a6 11. h3 Qc7 12. Bc3 b4 13. Bd2 Qxe5+ 14. Be2 Qxb2 15. Nc3
bxc3 16. Rb1 cxd2+ 17. Kxd2 Qe5 18. g3 d4 19. Nc4 Qc7 20. f4 g6 21. Nb6 Rb8 22.
a5 Bb7 23. Rf1 Nd5 24. Bg4 h5 25. Re1+ Be7 26. Bd7+ Kf8 27. Re5 Bd6 28. Nxd5 Qd8
29. Re8+ Qxe8 30. Bxe8 Rxe8 31. Rxb7 Kg7 32. Rd7 Rf8 33. Qe1 h4 34. Rxd6 c4 35.
dxc4 Nh6 36. gxh4 Nf5 37. Rxa6 Nxh4 38. Ne7 Ng2 39. Qg1 Nxf4 40. Qg3 Nxh3 41.
Rxg6+ fxg6 42. Qxg6# 1-0

[Event "AUTO-BEG-217"]
[Site "http://www.queenalice.com/game.php?id=401228"]
[Date "2008.5.11"]
[Round "1"]
[White "Cayo"]
[Black "Palominov"]
[Result "0-1"]
[WhiteElo "1152"]
[BlackElo "1783"]

1. e4 c5 2. Bc4 e6 3. Nf3 Nc6 4. c3 Nf6 5. d3 a6 6. a4 Be7 7. h3 O-O 8. Ng5 h6
9. Nf3 d5 10. Bb3 dxe4 11. dxe4 Qxd1+ 12. Kxd1 Nxe4 13. Rf1 Rd8+ 14. Nfd2 Bg5
15. f4 Bf6 16. Re1 Nxd2 17. Nxd2 b6 18. Kc2 Bb7 19. Ne4 Be7 20. Be3 Rac8 21. Nd2
Bf6 22. Nc4 b5 23. Nb6 c4 24. Nxc8 cxb3+ 25. Kxb3 Rxc8 26. Red1 Na5+ 27. Kb4 Nc4
28. Bc1 Bd5 29. axb5 Be7+ 30. Ka4 axb5+ 31. Kxb5 Rb8+ 32. Ka4 Ra8+ 33. Kb3 Rxa1
34. Kc2 Bc5 35. f5 Ne3+ 36. Bxe3 Rxd1 37. Kxd1 Bxe3 38. fxe6 fxe6 39. b4 Bxg2
40. Ke2 Bb6 41. c4 Bxh3 42. c5 Bxc5 43. bxc5 Kf7 44. c6 e5 45. Ke3 Ke6 46. c7
Kd5 47. Kf3 e4+ 48. Kg3 e3 49. Kxh3 e2 50. c8=Q e1=Q 51. Qd8+ Kc6 52. Qa8+ Kd6
53. Qb8+ Ke7 54. Qb7+ Kf6 55. Qf3+ Kg6 56. Qg3+ Qxg3+ 57. Kxg3 Kg5 58. Kh3 Kf4
59. Kh4 g5+ 60. Kh5 g4 61. Kxh6 g3 62. Kh5 g2 63. Kg6 g1=Q+ 64. Kf6 Qb6+ 65. Ke7
Ke5 66. Kf7 Qf6+ 67. Ke8 Qg7 68. Kd8 Kd6 69. Kc8 Qc7# 0-1

[Event "AUTO-BEG-217"]
[Site "http://www.queenalice.com/game.php?id=401229"]
[Date "2008.5.11"]
[Round "1"]
[White "Palominov"]
[Black "Cayo"]
[Result "1-0"]
[WhiteElo "1682"]
[BlackElo "1070"]

1. e4 e5 2. Nf3 d6 3. d4 f6 4. Bc4 Nc6 5. dxe5 dxe5 6. Qxd8+ Kxd8 7. Nc3 h5 8.
Be3 Nh6 9. O-O-O+ Bd6 10. Nb5 Ng4 11. Nxd6 Nxe3 12. Nf7+ Ke7 13. Nxh8 Nxd1 14.
Rxd1 Be6 15. Bxe6 Kxe6 16. Ng6 Rd8 17. Rxd8 Nxd8 18. c4 c5 19. Ngh4 g5 20. Nf5
g4 21. Ne1 Nf7 22. Ng7+ Kd6 23. Nxh5 Ke7 24. f4 a5 25. Nd3 b6 26. a4 Nd6 27.
fxe5 fxe5 28. Nxe5 Nxc4 29. Nxc4 Ke6 30. Nf4+ Ke7 31. Nd5+ Ke6 32. Ncxb6 Ke5 33.
h4 Kxe4 34. h5 g3 35. h6 Kd3 36. h7 Ke2 37. h8=Q Kf2 38. Qh5 Kxg2 39. Nf4+ Kf2
40. Qe2+ Kg1 41. Qg2# 1-0

[Event "AUTO-BEG-217"]
[Site "http://www.queenalice.com/game.php?id=401230"]
[Date "2008.5.11"]
[Round "1"]
[White "Cayo"]
[Black "THEJEGUE"]
[Result "0-1"]
[WhiteElo "1165"]
[BlackElo "1525"]

1. e4 e5 2. Nf3 d6 3. c4 Bg4 4. Nc3 Nf6 5. d3 h6 6. h3 Bd7 7. a4 a6 8. g4 Be7 9.
b4 c5 10. b5 a5 11. Ba3 O-O 12. g5 hxg5 13. Nxg5 Nh5 14. Qxh5 Bxg5 15. h4 Bh6
16. Nd5 Be6 17. Ne3 Nd7 18. O-O-O Qf6 19. Rh2 Bxe3+ 20. fxe3 Qh6 21. Qf3 Nb6 22.
Qg3 Nxa4 23. Rdd2 f6 24. Bh3 Bxh3 25. Rxh3 Kf7 26. Qg4 Nb6 27. Rg2 Rg8 28. Rf2
Nd7 29. Qxd7+ Kg6 30. Qxd6 Rad8 31. Qxc5 Rxd3 32. h5+ Kh7 33. Kc2 Rd7 34. Qb6
Rgd8 35. Bc1 Ra8 36. c5 Rf7 37. Bd2 g5 38. Bxa5 g4 39. Rh4 Qxe3 40. c6 Qxb6 41.
Bxb6 g3 42. Rg2 Ra2+ 43. Kc3 Rxg2 44. cxb7 Rxb7 45. Bd8 Rf2 46. h6 g2 47. Rg4
Rxb5 48. Bxf6 Rf3+ 49. Kc4 Rb1 50. Rg7+ Kxh6 51. Rxg2 Rxf6 0-1

[Event "AUTO-BEG-217"]
[Site "http://www.queenalice.com/game.php?id=401231"]
[Date "2008.5.11"]
[Round "1"]
[White "THEJEGUE"]
[Black "Cayo"]
[Result "1-0"]
[WhiteElo "1433"]
[BlackElo "1170"]

1. e4 e5 2. g3 Nf6 3. d3 c5 4. c4 Nc6 5. a3 a5 6. Be2 Nd4 7. Nf3 Nxe2 8. Qxe2 b6
9. Nxe5 g5 10. O-O a4 11. Nc3 Bd6 12. Nf3 Qe7 13. Bxg5 h6 14. Be3 Ng4 15. Nd5
Qe6 16. Bf4 Bf8 17. Nc7+ Ke7 18. Nxe6 Kxe6 19. h3 Nf6 20. e5 Bb7 21. exf6+ Kxf6
22. Qe5+ Kg6 23. Nh4+ Kh7 24. Qf5+ Kg8 25. Qxd7 Bc8 26. Qb5 Bxh3 27. Rfe1 Ra5
28. Qxb6 Ra8 29. Re3 Bg7 30. Qxc5 Bxb2 31. Rae1 Be6 32. Be5 Bxe5 33. Qxe5 Kh7
34. Qe4+ f5 35. Qxe6 Rhf8 36. Nxf5 Rae8 37. Qxh6+ Kg8 38. Qg7# 1-0

[Event "Challenge"]
[Site "http://www.queenalice.com/game.php?id=401242"]
[Date "2008.5.11"]
[Round "-"]
[White "Cayo"]
[Black "Mehiel"]
[Result "0-1"]
[WhiteElo "1074"]
[BlackElo "1566"]

1. e4 d5 2. f3 e5 3. Nc3 dxe4 4. fxe4 Nc6 5. Nd5 Nf6 6. d3 Nxd5 7. exd5 Qxd5 8.
Nf3 Be7 9. c4 Qa5+ 10. Bd2 Qb6 11. a4 O-O 12. b3 Bg4 13. h3 Bxf3 14. gxf3 Bh4+
15. Ke2 Qf2# 0-1

[Event "Challenge"]
[Site "http://www.queenalice.com/game.php?id=401260"]
[Date "2008.5.11"]
[Round "-"]
[White "Cayo"]
[Black "Jane"]
[Result "0-1"]
[WhiteElo "1074"]
[BlackElo "1636"]

1. e4 e5 2. h4 Bc5 3. d3 Qf6 4. Nf3 d6 5. a3 Bg4 6. Bg5 Bxf3 7. gxf3 Qg6 8. c3
h6 9. Qa4+ Nd7 10. b4 hxg5 11. bxc5 dxc5 12. Bh3 c6 13. Bf5 Qf6 14. h5 Nh6 15.
Bh3 Qxf3 16. Bf5 Qxh1+ 17. Ke2 Qxh5+ 18. f3 Nxf5 19. Nd2 Ng3+ 20. Ke3 g4 21. Rg1
Qg5+ 22. Kf2 Qxd2+ 23. Kxg3 Qf4+ 24. Kf2 Rh2+ 25. Ke1 Qd2+ 26. Kf1 Qf2# 0-1

[Event "Challenge"]
[Site "http://www.queenalice.com/game.php?id=403196"]
[Date "2008.5.15"]
[Round "-"]
[White "Cayo"]
[Black "joanpi"]
[Result "0-1"]
[WhiteElo "1170"]
[BlackElo "1596"]

1. c4 e5 2. Nf3 Nc6 3. Nc3 Nf6 4. e4 a6 5. d3 b5 6. cxb5 axb5 7. Nxb5 Bb4+ 8.
Bd2 Bxd2+ 9. Qxd2 Ba6 10. d4 Nxe4 11. Qd3 f5 12. g4 O-O 13. Bh3 Nb4 14. Qc4+ Kh8
15. Qxb4 Bxb5 16. Qxb5 c6 17. Qd3 Qa5+ 18. Ke2 Rf7 19. gxf5 Qd5 20. Nxe5 Re7 21.
f4 Ra4 22. Ke3 Nf6 23. Rhc1 Nh5 24. Rc5 Qd6 25. b3 Ra8 26. Bg4 Nf6 27. Bf3 Qc7
28. b4 d6 29. Rxc6 Ng4+ 30. Ke4 Nf2+ 31. Ke3 Ng4+ 32. Kd2 Qb7 33. a3 dxe5 34.
Qe4 Rd8 35. Bxg4 Rxd4+ 36. Ke3 Rxe4+ 37. Kxe4 Qxc6+ 38. Ke3 Qc3+ 39. Kf2 Qxa1
40. fxe5 Qxe5 41. f6 Qxf6+ 42. Bf3 Qh4+ 43. Kg2 Qg5+ 44. Kf2 Qd2+ 45. Kg3 g5 46.
h4 Qf4+ 47. Kf2 Qxh4+ 48. Kg2 Re1 49. b5 Qh1+ 50. Kg3 Rg1+ 51. Kf2 Qh2+ 52. Ke3
Re1+ 53. Kd4 Qd6+ 54. Kc4 Rc1+ 55. Kb3 Qd3+ 56. Ka4 Qxf3 57. b6 Rb1 58. Ka5 Qa8#
0-1

[Event "pokerplayer666"]
[Site "http://www.queenalice.com/game.php?id=403628"]
[Date "2008.5.16"]
[Round "-"]
[White "Cayo"]
[Black "Philipian"]
[Result "1-0"]
[WhiteElo "1085"]
[BlackElo "1154"]

1. e4 Nc6 2. Nf3 a6 3. c4 g6 4. Nc3 d6 5. Nd5 Bg7 6. h3 Nf6 7. Ng5 e6 8. Nf4 Ne7
9. Qa4+ Nd7 10. b3 c5 11. b4 Kf8 12. b5 1-0

[Event "Let's Play Chess!"]
[Site "http://www.queenalice.com/game.php?id=403639"]
[Date "2008.5.16"]
[Round "-"]
[White "Cayo"]
[Black "Bassethound"]
[Result "0-1"]
[WhiteElo "1163"]
[BlackElo "1321"]

1. e4 Nc6 2. c4 e5 3. Nc3 Nd4 4. Nd5 c6 5. Nb4 Bxb4 6. a3 Bc5 7. b4 Be7 8. h4 d5
9. Bd3 Be6 10. Qh5 Nf6 11. Qxe5 dxc4 12. Bxc4 Nc2+ 13. Kd1 Nxa1 14. Qxa1 Bxc4
15. e5 Ng4 16. Nh3 Bb3+ 17. Ke1 Qd3 18. Qb2 Qe4+ 19. Kf1 Bc4+ 0-1

[Event "Challenge"]
[Site "http://www.queenalice.com/game.php?id=403704"]
[Date "2008.5.16"]
[Round "-"]
[White "Cayo"]
[Black "Mehiel"]
[Result "1-0"]
[WhiteElo "1070"]
[BlackElo "1590"]

1. e4 d5 2. e5 e6 3. Nc3 Qg5 4. Nf3 Qf5 5. h3 Nc6 6. g4 Qg6 7. Nb5 Kd8 8. d3 Bc5
9. c3 Bd7 10. b4 Bb6 11. d4 Nce7 12. a4 a5 13. Nh4 Qe4+ 14. Qe2 Qxe2+ 15. Bxe2
axb4 16. cxb4 Bxb5 17. Bxb5 Bxd4 18. Ra3 Bxe5 19. a5 c6 20. Be2 Nf6 21. Re3 Ne4
22. f3 Bg3+ 23. Kf1 Nf6 24. Ng2 g5 25. h4 gxh4 26. Nxh4 Bf4 27. Rc3 Bd6 28. Ba3
Ng6 29. g5 Nd7 30. Ng2 Be5 31. Re3 Ke7 32. Kf2 Bd4 33. Bb2 Bxe3+ 34. Nxe3 Rhg8
35. Rxh7 Nge5 36. f4 Ng6 37. Kf3 Nb8 38. Ng4 Na6 39. Bf6+ Kf8 40. Nh6 Nh4+ 41.
Kg4 Nf5 42. Nxg8 Kxg8 43. Rh8# 1-0

[Event "Challenge"]
[Site "http://www.queenalice.com/game.php?id=407579"]
[Date "2008.5.24"]
[Round "-"]
[White "EdsonEstevam"]
[Black "Cayo"]
[Result "1-0"]
[WhiteElo "1436"]
[BlackElo "1165"]

1. e4 e5 2. Bc4 c6 3. Nf3 b5 4. Bb3 h6 5. Nxe5 Qe7 6. d4 f6 7. Qh5+ Kd8 8. Nf7+
Kc7 9. Bf4+ d6 10. Bxd6+ Qxd6 11. Nxd6 Bxd6 12. O-O Ne7 13. Nc3 b4 14. Nd1 Nd7
15. Ne3 a5 16. a4 bxa3 17. bxa3 Ba6 18. Bc4 g6 19. Qe2 g5 20. Bxa6 Nb8 21. Bc4
Ra7 22. Rfb1 Nd7 23. a4 Rb8 24. Nf5 Nxf5 25. exf5 Rab7 26. Bb3 c5 27. Rd1 cxd4
28. Rxd4 Ne5 29. Qh5 1-0